|
|
|
|
| LEADER |
00867nam a2200253 a 4500 |
| 001 |
adlib96000001 |
| 003 |
ViArRB |
| 005 |
20151026130526.0 |
| 008 |
960221s1955 dcuabcdjdbkoqu001 0deng d |
| 020 |
|
|
|
| 022 |
|
|
|
| 040 |
|
|
|a Adlib
|
| 082 |
|
|
|a 519.246.87
|
| 245 |
|
|
|a Spectral analysis and its applications
|
| 250 |
|
|
|
| 260 |
|
|
|b San Fransisco
|c Holden-Day, 1968
|
| 300 |
|
|
|a xviii, 525p.
|
| 500 |
|
|
|a Includes references
|
| 100 |
|
|
|a Jenkins, Gwilym M.
|
| 700 |
|
|
|a Watts, Donald G
|
| 942 |
|
|
|c BK
|6 _
|
| 653 |
|
|
|a Spectral analysis
|a Statistical Analysis A Computer Oriented Approach
|a Statistical Analysis in Educational Research
|a Statistical Approach to Social Measurement
|a Statistical analysis
|
| 999 |
|
|
|c 7244
|d 7244
|
| 952 |
|
|
|0 0
|1 0
|4 0
|6 51924687_JEN
|7 0
|9 18649
|a UL
|b UL
|d 2010-06-16
|l 3
|o 519.246.87 JEN
|p 00023046
|r 2015-09-25
|s 2015-08-26
|w 2010-06-16
|y BK
|